First Names by Famous Last Names - Statistics

General Stats
  • This quiz has been taken 39 times
  • The average score is 13 of 15
Answer Stats
Hint Answer % Correct
Washington, Clooney, Bush, Wallace, Harrison George
100%
Lennon, Cena, Adams, Smith, Kennedy, Locke John
100%
Spielberg, Universe, Jobs, Yeun Steven
100%
Hanks, Hardy, Kenny, Brady, Holland Tom
100%
Zuckerberg, Ruffalo, Whalberg, -iplier, Grayson Mark
97%
Rudd, Ryan, McCartney, Stanley Paul
97%
Downey Jr, Dylan, Deniro, Parr, Kennedy Robert/Bob
97%
Reynolds, Gosling, George, Seacrest Ryan
97%
Franco, Madison, Monroe, Brolin, Cameron James
91%
Hemsworth, Evans, Pratt, Pine Chris
89%
Keaton, Strahan, Myers, Douglass Michael
86%
Renner, Irons Jeremy
83%
Pelosi, Cartwright, Reagan Nancy
77%
Washington, Stewart, Wayne, Kent Martha
31%
Star, Stewart, Warbuton Patrick
31%
No matching quizzes found
Score Distribution
Percent of People with Each Score
Percentile by Number Answered
Your Score History
You have not taken this quiz